<?xml version="1.0" encoding="UTF-8"?>
<record
    xmlns:xsi="http://www.w3.org/2001/XMLSchema-instance"
    xsi:schemaLocation="http://www.loc.gov/MARC21/slim http://www.loc.gov/standards/marcxml/schema/MARC21slim.xsd"
    xmlns="http://www.loc.gov/MARC21/slim">

  <leader>00552nam a22001697a 4500</leader>
  <controlfield tag="003">SGT</controlfield>
  <datafield tag="020" ind1=" " ind2=" ">
    <subfield code="a">9788121908832</subfield>
  </datafield>
  <datafield tag="082" ind1=" " ind2=" ">
    <subfield code="a">363.73,DAR </subfield>
  </datafield>
  <datafield tag="100" ind1=" " ind2=" ">
    <subfield code="a">DR. DARA S.S.</subfield>
  </datafield>
  <datafield tag="245" ind1=" " ind2=" ">
    <subfield code="a">A TEXTBOOK OF ENVIRONMENTAL CHEMISTRY AND POLLUTION CONTROL (WITH ENERGY,ECOLOGY,ETHICS AND SOCIETY)</subfield>
  </datafield>
  <datafield tag="250" ind1=" " ind2=" ">
    <subfield code="a">9TH </subfield>
  </datafield>
  <datafield tag="260" ind1=" " ind2=" ">
    <subfield code="a">NEW DELHI </subfield>
    <subfield code="b">S.CHAND </subfield>
    <subfield code="c">2015</subfield>
  </datafield>
  <datafield tag="300" ind1=" " ind2=" ">
    <subfield code="a">522</subfield>
  </datafield>
  <datafield tag="650" ind1=" " ind2=" ">
    <subfield code="a">OTHER SOCIAL PROBLEMS AND SERVICES </subfield>
  </datafield>
  <datafield tag="653" ind1=" " ind2=" ">
    <subfield code="a">ENVIRONMENTAL CHEMISTRY, ENVIRONMENTAL POLLUTION, HAZARDOUS WASTES, NATURAL RESOURCES, ECOSYSTEMS</subfield>
  </datafield>
  <datafield tag="942" ind1=" " ind2=" ">
    <subfield code="2">ddc</subfield>
    <subfield code="c">FPS</subfield>
    <subfield code="0">4</subfield>
  </datafield>
  <datafield tag="952" ind1=" " ind2=" ">
    <subfield code="0">0</subfield>
    <subfield code="1">0</subfield>
    <subfield code="2">ddc</subfield>
    <subfield code="4">0</subfield>
    <subfield code="7">0</subfield>
    <subfield code="8">FS</subfield>
    <subfield code="a">SSSL</subfield>
    <subfield code="b">SSSL</subfield>
    <subfield code="c">TXT</subfield>
    <subfield code="d">2016-07-01</subfield>
    <subfield code="e">AHUJA BOOKS</subfield>
    <subfield code="g">275.00</subfield>
    <subfield code="i">SGTU</subfield>
    <subfield code="l">3</subfield>
    <subfield code="o">363.73,DAR</subfield>
    <subfield code="p">PS1869</subfield>
    <subfield code="r">2025-01-10 00:00:00</subfield>
    <subfield code="s">2024-12-17</subfield>
    <subfield code="w">2016-04-21</subfield>
    <subfield code="y">FPS</subfield>
    <subfield code="k">6884</subfield>
  </datafield>
  <datafield tag="952" ind1=" " ind2=" ">
    <subfield code="0">0</subfield>
    <subfield code="1">0</subfield>
    <subfield code="2">ddc</subfield>
    <subfield code="4">0</subfield>
    <subfield code="7">0</subfield>
    <subfield code="8">FS</subfield>
    <subfield code="a">SSSL</subfield>
    <subfield code="b">SSSL</subfield>
    <subfield code="c">TXT</subfield>
    <subfield code="d">2016-07-01</subfield>
    <subfield code="e">AHUJA BOOKS</subfield>
    <subfield code="g">275.00</subfield>
    <subfield code="i">SGTU</subfield>
    <subfield code="l">11</subfield>
    <subfield code="o">363.73,DAR</subfield>
    <subfield code="p">PS1870</subfield>
    <subfield code="r">2024-12-17 00:00:00</subfield>
    <subfield code="s">2024-12-09</subfield>
    <subfield code="w">2016-04-21</subfield>
    <subfield code="y">FPS</subfield>
    <subfield code="k">6884</subfield>
  </datafield>
  <datafield tag="952" ind1=" " ind2=" ">
    <subfield code="0">0</subfield>
    <subfield code="1">0</subfield>
    <subfield code="2">ddc</subfield>
    <subfield code="4">0</subfield>
    <subfield code="7">1</subfield>
    <subfield code="8">FS</subfield>
    <subfield code="a">SSSL</subfield>
    <subfield code="b">SSSL</subfield>
    <subfield code="c">REF</subfield>
    <subfield code="d">2016-07-05</subfield>
    <subfield code="e">KIRTI PRAKASHAN</subfield>
    <subfield code="g">275.00</subfield>
    <subfield code="i">SGTU</subfield>
    <subfield code="o">363.73,DAR</subfield>
    <subfield code="p">PS908</subfield>
    <subfield code="r">2016-07-05 00:00:00</subfield>
    <subfield code="w">2015-09-15</subfield>
    <subfield code="y">FPS</subfield>
    <subfield code="k">2911</subfield>
  </datafield>
  <datafield tag="999" ind1=" " ind2=" ">
    <subfield code="c">9380</subfield>
    <subfield code="d">9380</subfield>
  </datafield>
</record>
